IGOR - Tyler, The Creator - Statistics

General Stats
  • This quiz has been taken 33 times
  • The average score is 11 of 12
Answer Stats
Songs Plays Artists % Correct
EARFQUAKE 1,257,259,636 Tyler, The Creator
100%
IGOR'S THEME 184,204,641 Tyler, The Creator
96%
GONE, GONE / THANK YOU 535,883,681 Tyler, The Creator
93%
NEW MAGIC WAND 833,103,264 Tyler, The Creator
93%
A BOY IS A GUN* 269,806,498 Tyler, The Creator
89%
ARE WE STILL FRIENDS? 759,262,704 Tyler, The Creator
89%
RUNNING OUT OF TIME 350,969,344 Tyler, The Creator
89%
I DON'T LOVE YOU ANYMORE 136,546,098 Tyler, The Creator
86%
I THINK 383,929,970 Tyler, The Creator
86%
PUPPET 184,582,608 Tyler, The Creator
86%
EXACTLY WHAT YOU RUN FROM YOU END UP CHASING 65,074 Tyler, The Creator
79%
WHAT'S GOOD 144,699,324 Tyler, The Creator
79%
No matching quizzes found
Score Distribution
Percent of People with Each Score
Percentile by Number Answered
Your Score History
You have not taken this quiz